| 000 | 01081nam a22002891 4500 | ||
|---|---|---|---|
| 001 | 143757 | ||
| 003 | SpMaBN | ||
| 005 | 20250728103615.0 | ||
| 008 | 981210s1956 ag spa | ||
| 016 | 7 |
_abimoBNE20000214209 _zIND9800834525 _2SpMaBN |
|
| 035 | _a(OCoLC)432730913 | ||
| 040 |
_aSpMaBN _bspa _cCDM _dES-MaACL |
||
| 080 | _a21(04) | ||
| 100 |
_aSheen, Fulton J. _d1895-1979 _0XX820391 _9227301 |
||
| 245 | 1 | 0 |
_aFilosofía de la Religión : _bEl impacto del conocimiento moderno sobre la Religión / _cFulton J. Sheen ; [traducción de Guillermo Whitelow y Luis Fabricant] |
| 260 |
_aBuenos Aires : _bEmecé ; _bCompañía Impresora Argentina, _c1956] |
||
| 300 |
_a385 p., 1 h. ; _c22 cm |
||
| 650 | 4 |
_aReligión- _xFilosofía _916799 |
|
| 700 | 0 |
_aFabricant, Luis _948574 |
|
| 700 | 0 |
_aWhitelow, Guillermo _d1923-2011 _9227303 |
|
| 852 |
_aES-MaACL _bR.45147 _cMES _jC-16995 _9148949 |
||
| 942 |
_2udc _cMONOGRAFIA |
||
| 956 | _a1 | ||
| 980 |
_aCart. _aSpMaBN _bBNMADRID _jHA/29595 _cSG_RECOLET |
||
| 999 |
_c143757 _d143757 |
||